000 00894nam a2200181 i 4500
001 189371
003 ES-MaACL
005 20230906223446.0
008 190527s1890 sp |||| | spa d
100 1 _aMac-Pherson, J. (
_d1839-1902)
_975045
245 1 0 _aPredominio de la estructura uniclinal en la Península Ibérica /
_cpor J. Macpherson.
260 _a[S.l. :
_bs.n.,
_c1890?]
300 _aP. [465]-494., [2] h. de lám. pleg. ;
_c23 cm.
594 _aSin portada, título y autor tomado de principio del texto.
595 _aSeparata de: Anales de la Soc. Esp. de Hist. Natural. T. IX, 1890.
650 4 _aGeología-
_zPenínsula Ibérica.
_9167127
852 _aES-MaACL
_jB-8927(5)
_z.- Legado de Federico de Botella y de Hornos
_z.- Encuadernado en un vol. facticio agrupado con el nombre en el lomo: España, geología, memorias y documentos varios 41 al 56
_z.- Ded. ms. del autor
999 _c189371
_d189371